Countries of Asia sprint - Statistics

General Stats
  • This quiz has been taken 18 times
  • The average score is 40 of 48
Answer Stats
Answer % Correct
China
100%
Japan
100%
Iran
94%
Iraq
94%
Israel
94%
North Korea
94%
South Korea
94%
Turkey
94%
India
88%
Indonesia
88%
Laos
88%
Lebanon
88%
Mongolia
88%
Myanmar
88%
Oman
88%
Taiwan
88%
Thailand
88%
United Arab Emirates
88%
Vietnam
88%
Yemen
88%
Armenia
81%
Azerbaijan
81%
Bahrain
81%
Bangladesh
81%
Bhutan
81%
Brunei
81%
Cyprus
81%
Georgia
81%
Jordan
81%
Kazakhstan
81%
Kuwait
81%
Kyrgyzstan
81%
Malaysia
81%
Philippines
81%
Qatar
81%
Saudi Arabia
81%
Syria
81%
Uzbekistan
81%
Afghanistan
75%
Cambodia
75%
East Timor
75%
Nepal
75%
Pakistan
75%
Sri Lanka
75%
Tajikistan
75%
Turkmenistan
75%
Singapore
69%
Maldives
63%
No matching quizzes found
Score Distribution
Percent of People with Each Score
Percentile by Number Answered
Your Score History
You have not taken this quiz